Metodología de las ciencias sociales : conceptos e índices /

Tratado de metodología de las ciencias sociales en el terreno de la observación y tratamiento de los datos empíricos. En su conjunto la obra aborda los tres problemas básicos de la investigación sociológica: el análisis de conceptos e índices (vol. 1), el análisis empírico de la causalidad (vol. 2)...

Descrizione completa

Salvato in:
Dettagli Bibliografici
Autore principale: Boudon, Raymond (autor)
Altri autori: Lazarsfeld, Paul F. (autor) (autor)
Natura: Libro
Lingua:spagnolo
Pubblicazione: Barcelona, España : Laia, 1985
Edizione:3a edición
Serie:(Papel 451 ; 15)
Soggetti:
Tags: Aggiungi Tag
Nessun Tag, puoi essere il primo ad aggiungerne!!

MARC

LEADER 00000nam^a2200000^a^4500
001 000001046
005 20250521000000.0
009 20260310083052.475
020 |a 84-7222-462-7 
037 |a Acervo ITESO - Biblioteca 
041 |a ESP 
082 |a 300. 18  |b BOU V. 1 
100 |a Boudon, Raymond  |e (autor) 
245 1 0 |a Metodología de las ciencias sociales :  |b conceptos e índices /  |c R. Boudon; et. al.; tr. por: Jaume Melendres. 
250 |a 3a edición 
264 1 |a Barcelona, España :  |b Laia,  |c 1985 
300 |a 379 p. 
336 |a texto  |b txt  |2 rdacontenido 
337 |a sin mediación  |b n  |2 rdamedio 
338 |a volumen  |b nc  |2 rdasoporte 
440 1 |a (Papel 451 ;  |v 15) 
500 |a Traducción de: Le Vocabularie des Sciences Sociales 
520 |a Tratado de metodología de las ciencias sociales en el terreno de la observación y tratamiento de los datos empíricos. En su conjunto la obra aborda los tres problemas básicos de la investigación sociológica: el análisis de conceptos e índices (vol. 1), el análisis empírico de la causalidad (vol. 2) y el análisis de los procesos sociales (vol. 3). 
649 |a XX 
650 |a Metodología 
650 |a Investigación 
650 |a Sociología 
650 |a Ciencias Sociales 
700 |a Lazarsfeld, Paul F.  |e (autor) 
910 |a Fondo General 
920 |a Impresos - Libros 
930 |a Colección General 
905 |a 101 
901 |a 0010460100  |b IT1  |c ACC  |i 001046  |u 20250521 
902 |a https://opac.biblio.iteso.mx/vufind/Record/000001046